MARC details
| 000 -CABECERA |
| campo de control de longitud fija |
01261cam a2200277 a 4500 |
| 001 - NÚMERO DE CONTROL |
| campo de control |
000002792 |
| 005 - FECHA Y HORA DE LA ÚLTIMA TRANSACCIÓN |
| campo de control |
20200929150245.0 |
| 008 - DATOS DE LONGITUD FIJA--INFORMACIÓN GENERAL |
| campo de control de longitud fija |
001106s2000 sp b 001 0dspa |
| 020 ## - NÚMERO INTERNACIONAL ESTÁNDAR DEL LIBRO |
| Número Internacional Estándar del Libro |
8427713339 |
| 040 ## - FUENTE DE LA CATALOGACIÓN |
| Centro catalogador/agencia de origen |
DO-SdBNP |
| Centro/agencia transcriptor |
DLC |
| Centro/agencia modificador |
DLC |
| 082 ## - NÚMERO DE LA CLASIFICACIÓN DECIMAL DEWEY |
| Número de clasificación |
860.9 |
| Número de documento/Ítem |
L864p |
| 100 1# - ENTRADA PRINCIPAL--NOMBRE DE PERSONA |
| Nombre de persona |
López Cabrales, María del Mar |
| Fechas asociadas al nombre |
1967-? |
| 9 (RLIN) |
8815 |
| 245 10 - MENCIÓN DE TÍTULO |
| Título |
Palabras de mujeres : |
| Resto del título |
escritoras españolas contemporáneas. / |
| Mención de responsabilidad, etc. |
María del Mar López-Cabrales; prólogo de Francisco Solano. |
| 260 ## - PUBLICACIÓN, DISTRIBUCIÓN, ETC. |
| Lugar de publicación, distribución, etc. |
Madrid : |
| Nombre del editor, distribuidor, etc. |
Narcea, |
| Fecha de publicación, distribución, etc. |
2000. |
| 300 ## - DESCRIPCIÓN FÍSICA |
| Extensión |
206 p. ; |
| Dimensiones |
22 cm. |
| 490 1# - MENCIÓN DE SERIE |
| Mención de serie |
Mujeres |
| 500 ## - NOTA GENERAL |
| Nota general |
entrevistas realizadas por: María del Mar López-Cabrales |
| 504 ## - NOTA DE BIBLIOGRAFÍA, ETC. |
| Nota de bibliografía, etc. |
Incluye referencias bibliográficas p.[204-206.] |
| 505 0# - NOTA DE CONTENIDO CON FORMATO |
| Nota de contenido con formato |
Ana Rossetti -- Juana Salabert -- Belén Gopegui -- Marta Sanz -- Irene Gracia -- Elvira Lindo -- Soledad Puértolas -- Josefina Aldecoa -- Rosa Regás -- Esther Tusquets -- Cristina Fernández Cubas -- Ana María Moix -- Dulce Chacón. |
| 650 #4 - PUNTO DE ACCESO ADICIONAL DE MATERIA--TÉRMINO DE MATERIA |
| Término de materia o nombre geográfico como elemento de entrada |
Escritoras españolas |
| Subdivisión general |
Entrevistas |
| 9 (RLIN) |
8816 |
| 650 #4 - PUNTO DE ACCESO ADICIONAL DE MATERIA--TÉRMINO DE MATERIA |
| Término de materia o nombre geográfico como elemento de entrada |
Literatura española |
| Subdivisión geográfica |
Autoras |
| Subdivisión general |
Historia y crítica |
| 9 (RLIN) |
8817 |
| 650 #4 - PUNTO DE ACCESO ADICIONAL DE MATERIA--TÉRMINO DE MATERIA |
| Término de materia o nombre geográfico como elemento de entrada |
Autoras españolas |
| Subdivisión cronológica |
SIGLO 20 |
| Subdivisión de forma |
ENTREVISTAS |
| 9 (RLIN) |
8818 |
| 700 1# - PUNTO DE ACCESO ADICIONAL--NOMBRE DE PERSONA |
| Nombre de persona |
Solano, Francisco |
| Término indicativo de función/relación |
prol. |
| 9 (RLIN) |
8819 |
| 830 #0 - PUNTO DE ACCESO ADICIONAL DE SERIE-TÍTULO UNIFORME |
| Título uniforme |
Mujeres. |
| 9 (RLIN) |
8820 |
| 910 ## - DATOS DE OPCIÓN DEL USUARIO (OCLC) |
| Datos de opción del usuario |
Catalogación por copia / LC |